[Event "CXU Nytår 2015 Øbro"]
[Site "?"]
[Date "2015.12.29"]
[Round "5.10"]
[White "Kasper Rhee, 2214, Alexander"]
[Black "Svanholm Fogh, 2128, Jens"]
[Result "0-1"]
[BlackElo "2128"]
[WhiteElo "2214"]
[LiveChessVersion "1.4.6"]

1. d3 {[%clk 1:59:34]} d5 {[%clk 1:58:28]} 2. e3 {[%clk 1:58:16]} Nf6
{[%clk 1:56:13]} 3. f4 {[%clk 1:52:16]} c6 {[%clk 1:47:09]} 4. Nf3
{[%clk 1:51:32]} Bg4 {[%clk 1:45:47]} 5. Be2 {[%clk 1:46:30]} Nbd7
{[%clk 1:45:18]} 6. O-O {[%clk 1:44:08]} Bxf3 {[%clk 1:43:13]} 7. Bxf3
{[%clk 1:28:48]} e5 {[%clk 1:42:24]} 8. fxe5 {[%clk 1:28:34]} Nxe5
{[%clk 1:42:21]} 9. Be2 {[%clk 1:20:01]} Qc7 {[%clk 1:36:31]} 10. d4
{[%clk 1:05:09]} Ng6 {[%clk 1:29:58]} 11. Nd2 {[%clk 1:04:01]} Bd6
{[%clk 1:28:37]} 12. Nf3 {[%clk 1:03:51]} O-O-O {[%clk 1:19:53]} 13. Bd2
{[%clk 1:01:42]} Rhe8 {[%clk 1:14:54]} 14. Kh1 {[%clk 0:54:28]} h6
{[%clk 1:10:40]} 15. b3 {[%clk 0:42:47]} Kb8 {[%clk 1:04:24]} 16. c4
{[%clk 0:34:12]} Qe7 {[%clk 1:00:21]} 17. c5 {[%clk 0:28:21]} Bc7
{[%clk 1:00:05]} 18. Bd3 {[%clk 0:27:54]} Ng4 {[%clk 0:57:44]} 19. Bxg6
{[%clk 0:18:30]} fxg6 {[%clk 0:57:24]} 20. Qb1 {[%clk 0:18:08]} Nxh2
{[%clk 0:52:00]} 21. Nxh2 {[%clk 0:16:29]} Qh4 {[%clk 0:51:49]} 22. Rf4
{[%clk 0:16:24]} Bxf4 {[%clk 0:51:03]} 23. exf4 {[%clk 0:16:23]} Re2
{[%clk 0:49:24]} 24. Be1 {[%clk 0:15:50]} Qxf4 {[%clk 0:48:40]} 25. Qd3
{[%clk 0:14:11]} Qe4 {[%clk 0:45:23]} 26. Qg3+ {[%clk 0:13:59]} Ka8
{[%clk 0:44:29]} 27. Nf3 {[%clk 0:13:44]} Rf8 {[%clk 0:43:12]} 28. Qd6
{[%clk 0:12:58]} Qe8 {[%clk 0:42:14]} 29. Bg3 {[%clk 0:12:12]} g5
{[%clk 0:41:08]} 30. Kg1 {[%clk 0:07:36]} Rxf3 {[%clk 0:39:23]} 31. Be5
{[%clk 0:06:14]} Rff2 {[%clk 0:38:46]} 32. g4 {[%clk 0:05:46]} Rg2+
{[%clk 0:37:23]} 33. Kh1 {[%clk 0:05:29]} Rh2+ {[%clk 0:36:48]} 34. Kg1
{[%clk 0:04:41]} Reg2+ {[%clk 0:36:17]} 0-1